| 000 | 00735nam a22002177a 4500 | ||
|---|---|---|---|
| 001 | 8506 | ||
| 003 | FISKH | ||
| 005 | 20250916153005.0 | ||
| 008 | 250916b cb ||||| |||| 00| 0 eng d | ||
| 040 |
_aFISKH _beng _cFISKH _dFISKH |
||
| 082 | _a820 | ||
| 100 | _aAnonymous | ||
| 245 | _aChristmas classic for children / | ||
| 260 |
_aMissouri : _bConcordia, _c1981 |
||
| 300 |
_a175 pages : _bcolor illustrations ; _c27 cm |
||
| 505 | _aNP | ||
| 520 | _aThe city that forgot about Christmas / written by Mary Warren - Journey's to Bethlehem / retold by Dorothy Van Woerkom - Little Tree and his wish / written by Viola Rutz | ||
| 650 |
_aChristmas stories _vChildren's stories _xAmerica |
||
| 942 |
_2ddc _cBK _n0 |
||
| 999 |
_c8506 _d8506 |
||